Т. 54, вып. 4; Биомедицинская химия

Podrobná bibliografie
Parent link:Биомедицинская химия: научно-технический журнал/ Российская академия медицинских наук (РАМН). Т. 54, вып. 4.— , 2003-.— 0042-8809
Jazyk:ruština
Vydáno: 2008
Médium: Kniha
KOHA link:https://koha.lib.tpu.ru/cgi-bin/koha/opac-detail.pl?biblionumber=407478

MARC

LEADER 00000nam2a2200000 4500
001 407478
005 20231101070725.0
035 |a (RuTPU)RU\TPU\prd\59862 
090 |a 407478 
100 |a 20081017a20039999k y0rusy50 ca 
101 0 |a rus 
102 |a RU 
200 0 |a Т. 54, вып. 4 
210 |d 2008 
461 1 |0 (RuTPU)RU\TPU\prd\20069  |x 0042-8809  |t Биомедицинская химия  |o научно-технический журнал  |f Российская академия медицинских наук (РАМН)  |v Т. 54, вып. 4  |d 2003- 
801 0 |a RU  |b 63413507  |c 20010227  |g PSBO 
801 1 |a RU  |b 63413507  |c 20081017  |g PSBO 
801 2 |a RU  |b 63413507  |c 20210309  |g RCR 
942 |c BK 
999 |a НТБ_ТПУ  |b НФ  |e -1/20080109  |p П-9323  |s 1/20080414  |u 187,00  |v 1